Úloha odpisů v reprodukci

Bibliographic Details
Main Author: Plandorová, Helena (Author)
Format: Article
Language:Slovak
Czech
Subjects:

MARC

LEADER 00000nab a2200000Ia 4500
001 vtls010704163
003 SK-MaSNL
005 20260304194306.0
008 250709|1969 xo |||||||||||||||||slo|
035 |a (urnnbn)urn:nbn:sk:snk:ar-a03wy7 
035 |a (uuid)29cd1d45-31d2-41ec-a1e0-e6341fb201c3 
035 |a urn:nbn:sk:snk-ab3908 
040 |a SNKBUCL  |b slo  |c SNKBUCL  |e AACR2 
041 0 |a cze 
044 |a xo  |c SK 
080 |a 658  |2 2001 
080 |a 338.2  |2 2001 
100 1 |a Plandorová, Helena  |4 aut  |9 939806 
245 1 0 |a Úloha odpisů v reprodukci  |c Helena Plandorová 
650 0 7 |a podniková ekonomika  |2 SNKPH  |9 3955 
650 0 7 |a odpisy  |2 SNK  |9 770542 
650 0 7 |a hospodárska politika  |2 SNKPH  |9 2279 
773 0 |t Finančné štúdie : časopis pre otázky finančnej teórie a hospodárskej politiky  |g Roč. 2, č. 1 (1969), s. 45-[73] 
850 |a Slovenská národná knižnica 
852 |a Slovenská národná knižnica 
954 |a odborná, vedecká literatúra cudzojazyčná (svetová)  |2 lita 
954 |a odborná, vedecká literatúra pôvodná (slovenská)  |2 lita 
958 |a article1 
958 |a OND 
958 |a EUIPO 
999 |c 3073421  |d 3075351